Normal view
MARC view
- Cowan, Henry J.
Entry Personal Name
001 - CONTROL NUMBER
- control field: 7219
003 - CONTROL NUMBER IDENTIFIER
- control field: OSt
005 - DATE AND TIME OF LATEST TRANSACTION
- control field: 20170523143732.0
008 - FIXED-LENGTH DATA ELEMENTS
- fixed length control field: 170523|| aca||aabn | a|a d
040 ## - CATALOGING SOURCE
- Original cataloging agency: OSt
- Transcribing agency: OSt
100 ## - HEADING--PERSONAL NAME
- Personal name: Cowan, Henry J.
670 ## - SOURCE DATA FOUND
- Source citation: Work cat.: (OSt)0: Cowan, Henry J., Environmental systems /, c1983

PORTAL AKMAL
E-MEL JKDM
AKMAL2U
G-BAM
u-PUSTAKA